The oxford dictionary of quotations (Record no. 276522)

000 -LEADER
fixed length control field 00228 a2200097 4500
001 - CONTROL NUMBER
control field 41449
090 ## - LOCALLY ASSIGNED LC-TYPE CALL NUMBER (OCLC); LOCAL CALL NUMBER (RLIN)
-- 25621
-- 25621
100 ## - MAIN ENTRY--PERSONAL NAME
Personal name Oxford
245 ## - TITLE STATEMENT
Title The oxford dictionary of quotations
260 ## - PUBLICATION, DISTRIBUTION, ETC.
Place of publication, distribution, etc. Londan
Name of publisher, distributor, etc. Geoffray cumsridge
Date of publication, distribution, etc.
942 ## - ADDED ENTRY ELEMENTS (KOHA)
Institution code [OBSOLETE] NUST-CAE
Koha item type
--
Holdings
Withdrawn status Lost status Damaged status Not for loan Collection code Permanent Location Current Location Date acquired Total Checkouts Barcode Date last seen Price effective from Koha item type
          College of Aeronautical Engineering (CAE) College of Aeronautical Engineering (CAE) 04/03/2017   CAE43544 04/05/2017 04/05/2017 Book
© 2023 Central Library, National University of Sciences and Technology. All Rights Reserved.